| Tag |
First Indicator |
Second Indicator |
Subfields |
| LEADER |
00000cem a2200000 a 4500 |
| 001 |
in00000985136 |
| 005 |
20150927181923.0 |
| 007 |
aj canzn |
| 008 |
910211s1990 dcuag cc a f 0 eng |
| 010 |
|
|
|a (DG91069437
|
| 010 |
|
|
|a 91682540
|
| 034 |
1 |
|
|a a
|b 531915
|d W1090000
|e W1030000
|f N0370000
|g N0310000
|
| 035 |
|
|
|a (OCoLC)23382374
|
| 035 |
|
|
|9 AEZ2713AM
|
| 037 |
|
|
|b P.O. Box 1449, Santa Fe, N.M. 87501
|
| 040 |
|
|
|d GPO
|d DLC
|d UtOrBLW
|
| 050 |
|
0 |
|a G4321.G46 1990
|b .U51
|
| 052 |
|
|
|a 4321
|
| 074 |
|
|
|a 629-B
|
| 086 |
0 |
|
|a I 53.11:N 42 m/2/990/large
|
| 110 |
1 |
|
|a United States.
|b Bureau of Land Management.
|
| 245 |
1 |
0 |
|a State of New Mexico land status map, 1990 /
|c United States Department of the Interior, Bureau of Land Management.
|
| 255 |
|
|
|a Scale 1:531,915. 1 in. = approx. 8.5 miles ;
|b Lambert conformal conic proj., based on standard parallels 33 and 45
|c (W 109--W 103/N 37--N 31).
|
| 264 |
|
1 |
|a Santa Fe, N.M. :
|b The Bureau ;
|c 1990.
|
| 264 |
|
2 |
|a Santa Fe, N.M. :
|b For sale by the Bureau,
|
| 300 |
|
|
|a 1 map :
|b color ;
|c 118 x 108 cm.
|
| 336 |
|
|
|a cartographic image
|b cri
|2 rdacontent
|
| 337 |
|
|
|a unmediated
|b n
|2 rdamedia
|
| 338 |
|
|
|a sheet
|b nb
|2 rdacarrier
|
| 500 |
|
|
|a Relief shown by contours and spot heights.
|
| 500 |
|
|
|a "This map shows only general ownership status and is subject to periodic change."
|
| 500 |
|
|
|a Filing title: New Mexico.
|
| 500 |
|
|
|a "Boundaries and land status compiled from B.L.M. survey records in the B.L.M. New Mexico State Office, Santa Fe, New Mexico in 1971. Revised in 1979."
|
| 500 |
|
|
|a "Base map with highways and contours prepared by U.S.G.S., compiled in 1967, edition of 1973, highways corrected to 1973."
|
| 500 |
|
|
|a Shipping list number: 91-215-P.
|
| 500 |
|
|
|a Includes township diagram.
|
| 500 |
|
|
|a Cartographic material.
|
| 650 |
|
0 |
|a Land tenure
|z New Mexico
|x Maps.
|
| 740 |
0 |
|
|a Land status map.
|
| 740 |
0 |
|
|a New Mexico.
|
| 999 |
|
|
|a MARS
|
| 999 |
f |
f |
|s e6b20bd4-55c8-3cdb-8da7-5f088d86921a
|i ba2d68f5-3c0d-388d-bcb1-b0977e8b8824
|t 0
|
| 952 |
f |
f |
|p normal
|a Texas A&M University
|b College Station
|c Sterling C. Evans Library
|d Evans: Maps (2nd floor)
|t 0
|e G4321.G46 1990 .U51
|h Library of Congress classification
|i unmediated -- sheet
|m A14816747447
|
| 998 |
f |
f |
|a G4321.G46 1990 .U51
|t 0
|l Evans: Maps (2nd floor)
|